KOHA-Header-6

General Certificate English (Record no. 6211)

000 -LEADER
fixed length control field 00263nam a2200109Ia 4500
008 - FIXED-LENGTH DATA ELEMENTS--GENERAL INFORMATION
fixed length control field 190906s9999||||xx |||||||||||||| ||und||
100 ## - MAIN ENTRY--PERSONAL NAME
Personal name Alan Etherton
245 #0 - TITLE STATEMENT
Title General Certificate English
260 ## - PUBLICATION, DISTRIBUTION, ETC. (IMPRINT)
Place of publication, distribution, etc India
Name of publisher, distributor, etc McGraw Hill
Date of publication, distribution, etc 2001
300 ## - PHYSICAL DESCRIPTION
Extent 344
942 ## - ADDED ENTRY ELEMENTS (KOHA)
Koha item type Books
Holdings
Withdrawn status Lost status Source of classification or shelving scheme Damaged status Not for loan Collection code Permanent Location Current Location Shelving location Date acquired Total Checkouts Full call number Barcode Date last seen Date checked out Price effective from Koha item type
          English Literature MAJU MAJU Shelf No.A14 2019-09-06 2 428.24 3425 2022-11-13 2022-11-12 2019-09-06 English Literature

Powered by Koha